Τοπικότητα και βιώσιμη ανάπτυξη
Αποθηκεύτηκε σε:
| Άλλοι συγγραφείς: | , , , |
|---|---|
| Μορφή: | Βιβλίο |
| Γλώσσα: | Greek |
| Δημοσίευση: |
Ζεφύρι Αττικής :
Διάδραση,
2015.
|
| Θέματα: | |
| Ετικέτες: |
Προσθήκη ετικέτας
Δεν υπάρχουν, Καταχωρήστε ετικέτα πρώτοι!
|
MARC
| LEADER | 00000nam a2200000 a 4500 | ||
|---|---|---|---|
| 001 | 1/106370 | ||
| 008 | 150518s2015####gr | ||| |||| ||gre|| | ||
| 020 | |a 9786185059316 | ||
| 040 | |a GR-MyUa |b gre |c GR-MyUa |e AACR2 | ||
| 041 | 0 | |a gre | |
| 082 | 7 | |a 363.7 |2 (23) | |
| 245 | 0 | 0 | |a Τοπικότητα και βιώσιμη ανάπτυξη / |c επιμέλεια: Πέρσα Φώκιαλη, Αγαπητός Ξάνθης, Βασίλης Παπαβασιλείου, Αθανάσιος Μόγιας, Μαρία Καϊλα. |
| 260 | |a Ζεφύρι Αττικής : |b Διάδραση, |c 2015. | ||
| 300 | |a 831 σ. : |b πίν. ; |c 2015 | ||
| 504 | |a Περιλαμβάνει βιβλιογραφικές παραπομπές. | ||
| 650 | 0 | |a Environmental management. | |
| 650 | 0 | |a Sustainable development. | |
| 650 | 0 | |a Environmental protection. | |
| 650 | 0 | |a Regional planning. | |
| 650 | 0 | |a Environmental policy. | |
| 700 | 1 | |a Φώκιαλη, Περσεφόνη. | |
| 700 | 1 | |a Παπαβασιλείου, Βασίλης. | |
| 700 | 1 | |a Καΐλα, Μαρία Α. | |
| 700 | 0 | |a Μόγιας, Αθανάσιος. | |
| 852 | |a INST |b LESVOS |c EUDOXUS |e 20160413 |h 363.7 ΤΟΠ |p 005100057532 |q 005100057532 |t EDX |y 0 | ||
| 852 | |a INST |b RHODES |c EUDOXUS |e 20150518 |h 363.7 ΤΟΠ |p 005400037714 |q 005400037714 |t EDX |y 4 |x 20200211 | ||
| 852 | |a INST |b RHODES |c EUDOXUS |e 20160324 |h 363.7 ΤΟΠ |p 005400038292 |q 005400038292 |t EDX |y 0 | ||
| 852 | |a INST |b RHODES |c EUDOXUS |e 20160530 |h 363.7 ΤΟΠ |p 005400038486 |q 005400038486 |t EDX |y 0 | ||
| 920 | |a Εύδοξος |b Παραγγελία |y Ρόδος-ΤΕΠΑΕΣ |z 2015-05 | ||
| 920 | |a Εύδοξος |b Επιστροφή |y Ρόδος |z 2016-03 | ||
| 920 | |a Εύδοξος |b Επιστροφή (Ρόδος) |y Λέσβος |z 04-2016 | ||
| 970 | |z 18-05-2015 | ||